Benedicti XIV Pont. Opt. Max. olim Prosperi cardinalis de Lambertinis Opera omnia in unum corpus collector, et nunc primum in quindecim tomos distributa

Detalles Bibliográficos
Autor principal: Benedicto XIV, papa (1675-1758)
Formato: Libro
Lenguaje:Undetermined
Latin
Publicado: Venetiis : sumptibus Josephi Remondini, Antonii Zattae & filiorum, 1787-1788.
Edición:Editio novissima
Materias:
Colección:Banco de datos
Acervo:Biblioteca Palafoxiana. Colección bibliográfica
Descripción Física:15 t. ; f°
Tema general:Pontífices - Obras
Notas:Sello en tinta: Biblioteca de la Universidad Católica Angelopolitana. Número de localización: t.1 (32721); t.2 (32721); t.11 (32724)
LEADER 00813nam a2200181Ia 4500
008 150723s9999 xx 000 0 und d
041 0 |a lat 
050 0 |a PAFX BX2030 B4 
100 1 |a Benedicto XIV, papa (1675-1758) 
245 1 0 |a Benedicti XIV Pont. Opt. Max. olim Prosperi cardinalis de Lambertinis Opera omnia in unum corpus collector, et nunc primum in quindecim tomos distributa 
250 |a Editio novissima 
260 |a Venetiis : sumptibus Josephi Remondini, Antonii Zattae & filiorum, 1787-1788. 
300 |a 15 t. ; f° 
500 |a Sello en tinta: Biblioteca de la Universidad Católica Angelopolitana. Número de localización: t.1 (32721); t.2 (32721); t.11 (32724) 
650 1 0 |a Pontífices - Obras 
942 |c PALALIB 
943 |g Biblioteca Palafoxiana. Colección bibliográfica 
999 |c 1057577  |d 1057577